[Event "13th EICC"]
[Site "Plovdiv BUL"]
[Date "2012.03.20"]
[Round "1.20"]
[White "Fressinet, Laurent"]
[Black "Jurcik, Marian"]
[Result "1-0"]
[WhiteTitle "GM"]
[BlackTitle "IM"]
[WhiteElo "2693"]
[BlackElo "2467"]
[WhiteFideId "608742"]
[BlackFideId "14907518"]
[EventDate "2012.03.20"]
[EventType "swiss"]

1. d4 Nf6 2. Nf3 e6 3. c4 b6 4. e3 Bb7 5. Nc3 d5 6. cxd5 exd5 7. Bb5+ c6 8. Bd3
Nbd7 9. O-O Bd6 10. e4 dxe4 11. Nxe4 Nxe4 12. Bxe4 Nf6 13. Bg5 Be7 14. Bxf6 Bxf6
15. Qc2 Qd6 16. Rac1 Rc8 17. Rfe1 Kf8 18. Qa4 a5 19. Qb3 b5 20. a4 b4 21. Ne5
Bxe5 22. dxe5 Qe7 23. Qf3 g6 24. Qf6 Rg8 25. h4 Re8 26. Bf3 g5 27. hxg5 Rxg5 28.
Qh8+ Rg8 29. Qxh7 c5 30. Bxb7 Qxb7 31. Qe4 Qd7 32. Rxc5 Qxa4 33. Rc7 Qb3 34. Qd4
Re6 35. Re3 Qa2 36. Qd8+ 1-0

[Event "13th EICC"]
[Site "Plovdiv BUL"]
[Date "2012.03.20"]
[Round "1.22"]
[White "Andreikin, Dmitry"]
[Black "Nestorovic, Nikola"]
[Result "1-0"]
[WhiteTitle "GM"]
[BlackTitle "IM"]
[WhiteElo "2689"]
[BlackElo "2462"]
[WhiteFideId "4158814"]
[BlackFideId "934526"]
[EventDate "2012.03.20"]
[EventType "swiss"]

1. Nf3 Nf6 2. c4 e6 3. g3 b6 4. Bg2 Bb7 5. d4 Be7 6. O-O O-O 7. Re1 Qc8 8. Bg5
h6 9. Bxf6 Bxf6 10. Nc3 d6 11. Qd2 c5 12. d5 e5 13. a3 Qd8 14. Bh3 Ba6 15. Qd3
Nd7 16. e4 g6 17. b4 Be7 18. Reb1 Kg7 19. Qc2 Bc8 20. a4 cxb4 21. Rxb4 h5 22. a5
bxa5 23. Rb5 a6 24. Rbxa5 Nc5 25. Rxc5 Bxh3 26. Rc6 Bg4 27. Qd3 f5 28. Nd2 Bg5
29. c5 dxc5 30. Nc4 Bf6 31. d6 fxe4 32. Nxe4 Rf7 33. Re1 Bf5 34. Qd5 Bxe4 35.
Qxe4 a5 36. d7 Rxd7 37. Rxf6 Kxf6 38. Nxe5 Ra6 39. Qxg6+ 1-0

[Event "13th EICC"]
[Site "Plovdiv BUL"]
[Date "2012.03.20"]
[Round "1.25"]
[White "Hagen, Andreas Skytte"]
[Black "Akopian, Vladimir"]
[Result "1/2-1/2"]
[WhiteTitle "IM"]
[BlackTitle "GM"]
[WhiteElo "2453"]
[BlackElo "2684"]
[WhiteFideId "1407341"]
[BlackFideId "13300032"]
[EventDate "2012.03.20"]
[EventType "swiss"]

1. e4 e6 2. d4 d5 3. Nc3 Bb4 4. e5 c5 5. a3 Bxc3+ 6. bxc3 Qa5 7. Bd2 Qa4 8. Qg4
g6 9. Qd1 b6 10. h4 h5 11. c4 Ba6 12. cxd5 Bxf1 13. Kxf1 exd5 14. dxc5 bxc5 15.
Bg5 Qc4+ 16. Ne2 Nc6 17. Rh3 d4 18. c3 Nge7 19. cxd4 cxd4 20. Rc1 Qb5 21. Bf6
O-O 22. Rb3 Qa6 23. Kg1 Nd5 24. Nxd4 Nxd4 25. Qxd4 Nxf6 26. exf6 Rad8 27. Qf4
Rd5 28. Rg3 Rfd8 29. Rc7 Rd1+ 30. Kh2 Qd6 31. Qxd6 R1xd6 32. Rxa7 Rxf6 33. Rf3
Rxf3 34. gxf3 Rd4 35. Kg3 Kg7 36. a4 Kf6 37. f4 Rd3+ 38. f3 Ra3 39. a5 Ra2 40.
Kh3 Ke6 41. Kg3 f6 42. a6 Kf5 43. Ra8 Ra4 44. a7 Ra3 45. Kg2 Ra2+ 46. Kg3 Ra3 1/2-1/2

[Event "13th EICC"]
[Site "Plovdiv BUL"]
[Date "2012.03.20"]
[Round "1.27"]
[White "Simacek, Pavel"]
[Black "Vachier-Lagrave, Maxime"]
[Result "0-1"]
[WhiteTitle "IM"]
[BlackTitle "GM"]
[WhiteElo "2447"]
[BlackElo "2682"]
[WhiteFideId "307165"]
[BlackFideId "623539"]
[EventDate "2012.03.20"]
[EventType "swiss"]

1. e4 c5 2. Nf3 d6 3. d4 cxd4 4. Nxd4 Nf6 5. Nc3 a6 6. Bg5 e6 7. f4 Qc7 8. Qf3
b5 9. O-O-O b4 10. Nce2 Nbd7 11. Bxf6 Nxf6 12. g4 Bb7 13. Ng3 Rc8 14. g5 Nd7 15.
Bd3 g6 16. Qf2 e5 17. fxe5 Nxe5 18. Qf6 Rg8 19. Kb1 Bg7 20. Ne6 Bxf6 21. Nxc7+
Rxc7 22. gxf6 Kd7 23. Bf1 Rc5 24. Rd4 a5 25. Bh3+ Kc7 26. Rf1 Re8 27. Rfd1 Nc4
28. Re1 h5 29. Kc1 Ne5 30. Red1 Rd8 31. Bg2 Ng4 32. Nf1 Bc8 33. R1d3 Be6 34. a3
Ne5 35. Rg3 h4 36. axb4 axb4 37. Re3 Nc4 38. Rb3 Ra8 39. c3 h3 40. Bxh3 Ra1+ 41.
Kc2 Bxh3 0-1

[Event "13th EICC"]
[Site "Plovdiv BUL"]
[Date "2012.03.20"]
[Round "1.28"]
[White "Korobov, Anton"]
[Black "Bukal, Vladimir Jr."]
[Result "1-0"]
[WhiteTitle "GM"]
[BlackTitle "IM"]
[WhiteElo "2679"]
[BlackElo "2441"]
[WhiteFideId "14105730"]
[BlackFideId "14502941"]
[EventDate "2012.03.20"]
[EventType "swiss"]

1. d4 e6 2. c4 b6 3. Nc3 Bb7 4. Nf3 f5 5. a3 Nf6 6. d5 a5 7. g3 Bc5 8. Bg2 O-O
9. O-O Na6 10. Qc2 Qe8 11. Rd1 Qh5 12. e3 Rae8 13. b3 e5 14. Na4 d6 15. Nxc5
Nxc5 16. b4 Nce4 17. Rf1 Bc8 18. bxa5 bxa5 19. Bb2 Ng4 20. h3 Ngf6 21. Rae1 Nc5
22. Nh2 Ba6 23. Rb1 Nfd7 24. Nf3 Nb6 25. Nd2 Qe2 26. Bf3 Qd3 27. Qxd3 Nxd3 28.
Bc3 a4 29. Ba5 Rb8 30. Be2 Nc5 31. Rfe1 Rb7 32. Rb4 Kf7 33. Kf1 Ke7 34. Reb1
Rfb8 35. f4 exf4 36. gxf4 Kd7 37. Kf2 Nc8 38. Rg1 g6 39. h4 Ne7 40. h5 Rg8 41.
hxg6 hxg6 42. Rh1 Ra7 43. Rh7 Re8 44. Rb1 Kc8 45. Bb4 Nd7 46. Rbh1 Nf6 47. Rf7
Nfxd5 48. cxd5 Nxd5 49. Nc4 Bxc4 50. Bxc4 Nxb4 51. axb4 a3 52. Bd5 a2 53. Ra1
Rh8 54. Kg2 Re8 55. b5 Ra5 56. Rxa2 Rxa2+ 57. Bxa2 Rxe3 58. Bd5 1-0

[Event "13th EICC"]
[Site "Plovdiv BUL"]
[Date "2012.03.20"]
[Round "1.29"]
[White "Gabuzyan, Hovhannes"]
[Black "Sargissian, Gabriel"]
[Result "1/2-1/2"]
[WhiteTitle "FM"]
[BlackTitle "GM"]
[WhiteElo "2441"]
[BlackElo "2674"]
[WhiteFideId "13303732"]
[BlackFideId "13300881"]
[EventDate "2012.03.20"]
[EventType "swiss"]

1. g3 e5 2. c4 Nf6 3. Bg2 Nc6 4. Nc3 Bc5 5. Nf3 d6 6. O-O a6 7. e3 O-O 8. d4 Ba7
9. b3 Bg4 10. h3 Bh5 11. dxe5 dxe5 12. g4 Bg6 13. Ba3 Re8 14. Qe1 Nd4 15. Rd1 c6
16. Na4 Nxf3+ 17. Bxf3 Qc8 18. e4 h5 19. Qe2 hxg4 20. hxg4 Nh7 21. c5 Ng5 22.
Bc1 Ne6 23. Be3 Qc7 24. Qb2 Rad8 25. Rd6 b5 26. cxb6 Qxd6 27. bxa7 Nd4 28. Bg2
Qe7 29. f4 f6 30. f5 Bf7 31. Rc1 Qxa7 32. Bf1 c5 33. Nxc5 a5 34. Ne6 Bxe6 35.
fxe6 Qe7 36. Bc4 Nxe6 37. g5 Rc8 38. g6 Rxc4 39. bxc4 Nf8 40. c5 Nxg6 41. c6 Qe6
42. c7 Rc8 43. Qb3 Nf4 44. Rc6 Qxb3 45. axb3 Ne2+ 46. Kf2 Nd4 47. Bxd4 exd4 48.
Ke2 Kf7 49. Kd3 Ke7 50. Kxd4 Kd7 51. Ra6 Rxc7 52. Rxa5 Rb7 53. Kd5 Ke7 54. e5 f5
55. b4 f4 56. b5 f3 57. Kc6 Rb8 58. Kd5 f2 59. Ra7+ Ke8 60. Ra1 Rxb5+ 61. Ke4
Rb3 62. Rf1 Rb2 63. Kf3 Ke7 64. Rxf2 Rxf2+ 65. Kxf2 Ke6 66. Kg3 Kxe5 67. Kg4 1/2-1/2

[Event "13th EICC"]
[Site "Plovdiv BUL"]
[Date "2012.03.20"]
[Round "1.31"]
[White "Colovic, Aleksandar"]
[Black "Potkin, Vladimir"]
[Result "1/2-1/2"]
[WhiteTitle "IM"]
[BlackTitle "GM"]
[WhiteElo "2436"]
[BlackElo "2669"]
[WhiteFideId "15000729"]
[BlackFideId "4131061"]
[EventDate "2012.03.20"]
[EventType "swiss"]

1. d4 d5 2. c4 e6 3. Nc3 c6 4. Bf4 dxc4 5. a4 Bb4 6. e3 Nf6 7. Bxc4 Nd5 8. Ne2
Nxf4 9. Nxf4 O-O 10. Nd3 Bd6 11. O-O Nd7 12. Qh5 Nf6 13. Qf3 Qc7 14. h3 b6 15.
e4 e5 16. dxe5 Bxe5 17. Nxe5 Qxe5 18. Qe3 Be6 19. f4 Qc5 20. Qxc5 bxc5 21. b3
Rfd8 22. Bxe6 fxe6 23. e5 Nh5 24. Rf3 Rd4 25. Raf1 Rf8 26. g3 h6 27. Ne2 Re4 28.
Nc3 Rb4 29. Ne2 Re4 30. Nc3 Rb4 31. Ne2 Re4 1/2-1/2

[Event "13th EICC"]
[Site "Plovdiv BUL"]
[Date "2012.03.20"]
[Round "1.32"]
[White "Azarov, Sergei"]
[Black "Raznikov, Danny"]
[Result "1/2-1/2"]
[WhiteTitle "GM"]
[BlackTitle "IM"]
[WhiteElo "2667"]
[BlackElo "2436"]
[WhiteFideId "13501470"]
[BlackFideId "2811154"]
[EventDate "2012.03.20"]
[EventType "swiss"]

1. e4 c6 2. d4 d5 3. e5 Bf5 4. h4 h5 5. c4 e6 6. Nc3 Ne7 7. Nge2 dxc4 8. Ng3 Bg6
9. Bg5 Qb6 10. Bxc4 Nd7 11. O-O O-O-O 12. Qe2 Qxd4 13. Rfd1 Qg4 14. Qxg4 hxg4
15. Nge4 Nxe5 16. Rxd8+ Kxd8 17. Rd1+ Kc8 18. Nd6+ Kc7 19. Ne8+ Kc8 20. Nd6+ Kc7
21. Ne8+ Kc8 1/2-1/2

[Event "13th EICC"]
[Site "Plovdiv BUL"]
[Date "2012.03.20"]
[Round "1.33"]
[White "Smirnov, Artem"]
[Black "Kobalia, Mikhail"]
[Result "0-1"]
[WhiteTitle "IM"]
[BlackTitle "GM"]
[WhiteElo "2436"]
[BlackElo "2666"]
[WhiteFideId "4143256"]
[BlackFideId "4119150"]
[EventDate "2012.03.20"]
[EventType "swiss"]

1. c4 Nf6 2. Nc3 e5 3. Nf3 Nc6 4. e4 d6 5. d4 Bg4 6. d5 Nd4 7. Be3 Nxf3+ 8. gxf3
Bh5 9. Be2 Be7 10. f4 exf4 11. Bxf4 Bg6 12. Qd3 Nd7 13. O-O-O O-O 14. h4 f5 15.
Rdg1 fxe4 16. Qg3 Bf6 17. Bg4 Nc5 18. Be6+ Kh8 19. Be3 Be5 20. Qg2 Bh5 21. Bxc5
Bf3 22. Qg5 Bxh1 23. Rxh1 Bf4+ 24. Be3 Bxg5 25. hxg5 Rf3 26. g6 h6 27. Nxe4 Rxe3
28. fxe3 Qe7 29. Ng3 Qg5 30. Nf5 Qxg6 31. Rh3 Qg1+ 0-1

[Event "13th EICC"]
[Site "Plovdiv BUL"]
[Date "2012.03.20"]
[Round "1.35"]
[White "Georgiadis, Ioannis"]
[Black "Bartel, Mateusz"]
[Result "0-1"]
[WhiteTitle "IM"]
[BlackTitle "GM"]
[WhiteElo "2435"]
[BlackElo "2665"]
[WhiteFideId "4208900"]
[BlackFideId "1112635"]
[EventDate "2012.03.20"]
[EventType "swiss"]

1. e4 e5 2. Nf3 Nc6 3. Bb5 a6 4. Ba4 Nf6 5. O-O Be7 6. Qe2 b5 7. Bb3 d6 8. c3
O-O 9. Rd1 Bg4 10. d3 Qc8 11. h3 Bh5 12. Nbd2 Na5 13. Bc2 c5 14. Nf1 Ne8 15. Ng3
Bg6 16. b4 Nc6 17. Bb3 Rb8 18. bxc5 dxc5 19. Bd5 Bd6 20. Nh4 Ne7 21. Bb3 Kh8 22.
Be3 Nc7 23. Qf3 f6 24. Nhf5 Nxf5 25. exf5 Bf7 26. Ne4 Ne8 27. c4 b4 28. Ba4 Be7
29. g4 Qc7 30. Qg3 Nd6 31. Rac1 Rbd8 32. Qf3 Nc8 33. h4 Nb6 34. Bc2 Qc6 35. g5
fxg5 36. hxg5 Bg6 37. Nd2 Qc8 38. Qg3 Bxf5 39. Nf3 Nxc4 40. dxc4 Bxc2 41. Rxd8
Qxd8 42. Nxe5 Bd6 43. Rxc2 Bxe5 44. Qg4 Bc3 45. Bxc5 Re8 46. Be3 a5 47. Rc1 a4
48. c5 Qc8 49. Qxc8 Rxc8 50. Kg2 a3 51. Kf3 Bb2 52. Rg1 Re8 53. Rg4 b3 54. axb3
a2 55. Ra4 a1=Q 56. Rxa1 Bxa1 57. b4 Rb8 58. Bd2 Bd4 59. c6 Rb6 60. Ke4 Bxf2 61.
Kd5 Bg3 62. Kc5 Rb8 63. b5 Bc7 64. Kc4 Kg8 65. Be3 Kf7 66. Ba7 Rc8 67. Kd5 Rd8+
68. Kc4 Rd6 69. Bc5 Ke6 0-1

[Event "13th EICC"]
[Site "Plovdiv BUL"]
[Date "2012.03.20"]
[Round "1.36"]
[White "Balogh, Csaba"]
[Black "Sharafiev, Azat"]
[Result "1-0"]
[WhiteTitle "GM"]
[BlackTitle "IM"]
[WhiteElo "2664"]
[BlackElo "2433"]
[WhiteFideId "718939"]
[BlackFideId "4186214"]
[EventDate "2012.03.20"]
[EventType "swiss"]

1. e4 c5 2. Nf3 d6 3. d4 cxd4 4. Nxd4 Nf6 5. Nc3 a6 6. Be3 Ng4 7. Bc1 Nf6 8. h3
e5 9. Nde2 h5 10. Bg5 Be7 11. Bxf6 Bxf6 12. Nd5 Bg5 13. Nec3 Nc6 14. Bc4 Be6 15.
a3 Rc8 16. Ba2 g6 17. O-O O-O 18. Qd3 Bh6 19. Nd1 Qh4 20. N1e3 Rcd8 21. c3 Kh8
22. Nb6 Bxh3 23. gxh3 Qxh3 24. Rfd1 Bf4 25. Ng2 Qh2+ 26. Kf1 f5 27. Bd5 fxe4 28.
Qxe4 Bg3 29. Ke2 Rxf2+ 30. Kd3 Qh3 31. Rh1 Bh2+ 32. Ne3 Ne7 33. Raf1 Rxb2 34.
Rf3 Nxd5 35. Nbxd5 Qe6 36. Rf6 Qe8 37. Rxg6 Qf8 38. Rf1 1-0

[Event "13th EICC"]
[Site "Plovdiv BUL"]
[Date "2012.03.20"]
[Round "1.37"]
[White "Enchev, Ivajlo"]
[Black "Cheparinov, Ivan"]
[Result "0-1"]
[WhiteTitle "IM"]
[BlackTitle "GM"]
[WhiteElo "2432"]
[BlackElo "2664"]
[WhiteFideId "2907712"]
[BlackFideId "2905540"]
[EventDate "2012.03.20"]
[EventType "swiss"]

1. d4 Nf6 2. c4 c5 3. d5 b5 4. cxb5 a6 5. b6 d6 6. Nc3 Nbd7 7. e4 Rb8 8. Nf3 g6
9. Be2 Bg7 10. O-O O-O 11. a4 Rxb6 12. Nd2 Rb4 13. Qc2 Ne5 14. h3 g5 15. Re1 g4
16. hxg4 Nfxg4 17. Nf1 f5 18. f3 Nh6 19. Ng3 Qe8 20. Bxh6 Bxh6 21. exf5 Be3+ 22.
Kf1 Bf4 23. Nce4 h5 24. f6 Bxg3 25. Nxg3 Rxf6 26. Ne4 Rf4 27. g3 Rf8 28. Kg2 h4
29. g4 Qg6 30. Bd1 Bf5 31. Kh2 Nxg4+ 32. fxg4 Bxe4 0-1

[Event "13th EICC"]
[Site "Plovdiv BUL"]
[Date "2012.03.20"]
[Round "1.38"]
[White "Postny, Evgeny"]
[Black "Poetsch, Hagen"]
[Result "1-0"]
[WhiteTitle "GM"]
[BlackTitle "IM"]
[WhiteElo "2662"]
[BlackElo "2432"]
[WhiteFideId "2804344"]
[BlackFideId "24615137"]
[EventDate "2012.03.20"]
[EventType "swiss"]

1. d4 d5 2. c4 c6 3. Nf3 Nf6 4. Nc3 dxc4 5. a4 Bf5 6. Ne5 Nbd7 7. Nxc4 Nb6 8.
Ne5 a5 9. f3 Nfd7 10. Nxd7 Nxd7 11. e4 Bg6 12. Be2 Qb6 13. f4 e5 14. fxe5 Rd8
15. Bg5 f6 16. exf6 Nxf6 17. Qc2 Bb4 18. O-O-O Rxd4 19. Bd3 Ng4 20. Rhf1 Be7 21.
Bxe7 Kxe7 22. Qd2 Qc5 23. Qf4 Ne5 24. Bc2 Rxd1+ 25. Rxd1 Nd7 26. Qh4+ Ke8 27.
Qh3 Qe7 28. e5 Bxc2 29. Kxc2 Rf8 30. Ne4 Rf4 31. Nd6+ Kf8 32. Qxh7 Qxe5 33. Qh8+
Ke7 34. Re1 Qxe1 35. Qe8+ Kxd6 36. Qxe1 Rxa4 37. Qg3+ Ne5 38. Qxg7 b5 39. h4 Rg4
40. Qh6+ Kd5 41. Qd2+ Rd4 42. Qxa5 Nc4 43. Qd8+ Kc5 44. b4+ 1-0

[Event "13th EICC"]
[Site "Plovdiv BUL"]
[Date "2012.03.20"]
[Round "1.40"]
[White "Khismatullin, Denis"]
[Black "Galopoulos, Nikolaos"]
[Result "1-0"]
[WhiteTitle "GM"]
[WhiteElo "2656"]
[BlackElo "2430"]
[WhiteFideId "4142578"]
[BlackFideId "4208951"]
[EventDate "2012.03.20"]
[EventType "swiss"]

1. d4 Nf6 2. c4 e6 3. Nc3 Bb4 4. Qc2 b6 5. e4 e5 6. dxe5 Ng4 7. f4 Bc5 8. Nf3
Nc6 9. h3 Nb4 10. Qb1 Ne3 11. Bxe3 Bxe3 12. a3 Nc6 13. Nd5 Bc5 14. b4 Be7 15.
Bd3 Bh4+ 16. Kf1 Bg3 17. Qc1 h6 18. h4 d6 19. exd6 cxd6 20. Qe3 O-O 21. e5 Re8
22. Ng5 hxg5 23. hxg5 Nxe5 24. Qxg3 Ng6 25. Qh2 1-0

[Event "13th EICC"]
[Site "Plovdiv BUL"]
[Date "2012.03.20"]
[Round "1.41"]
[White "Indjic, Aleksandar"]
[Black "Lysyj, Igor"]
[Result "1/2-1/2"]
[BlackTitle "GM"]
[WhiteElo "2430"]
[BlackElo "2656"]
[WhiteFideId "911925"]
[BlackFideId "4150120"]
[EventDate "2012.03.20"]
[EventType "swiss"]

1. d4 Nf6 2. c4 e6 3. Nf3 b6 4. g3 Bb7 5. Bg2 Be7 6. Nc3 Ne4 7. Bd2 Bf6 8. Qc2
Nxd2 9. Qxd2 d6 10. d5 O-O 11. Nd4 Bxd4 12. Qxd4 e5 13. Qd2 a5 14. O-O Nd7 15.
e4 Nc5 16. f4 Re8 17. f5 f6 18. b3 Bc8 19. Qc2 Bd7 20. h4 Qe7 21. Rf2 Kh8 22.
Kh2 Rg8 23. Qd2 Rab8 24. Bf1 Rbf8 25. Be2 g5 26. h5 Ra8 27. g4 Kg7 28. Rb1 Rgb8
29. a3 Ra7 30. b4 Nb7 31. b5 Nc5 32. a4 h6 33. Bd1 Raa8 34. Bc2 Be8 35. Kg3 Rd8
36. Qe3 Bf7 37. Rd2 Bg8 38. Rdd1 Bf7 39. Rd2 Bg8 40. Rdd1 Bf7 41. Rd2 1/2-1/2

[Event "13th EICC"]
[Site "Plovdiv BUL"]
[Date "2012.03.20"]
[Round "1.43"]
[White "Zueger, Beat"]
[Black "Fridman, Daniel"]
[Result "1/2-1/2"]
[WhiteTitle "IM"]
[BlackTitle "GM"]
[WhiteElo "2425"]
[BlackElo "2653"]
[WhiteFideId "1300067"]
[BlackFideId "11600454"]
[EventDate "2012.03.20"]
[EventType "swiss"]

1. Nf3 Nf6 2. c4 e6 3. g3 a6 4. Bg2 b5 5. b3 c5 6. Nc3 Qb6 7. d3 Be7 8. e4 d6 9.
e5 dxe5 10. Nxe5 Bb7 11. Bxb7 Qxb7 12. Qf3 Qxf3 13. Nxf3 Nc6 14. cxb5 Nb4 15.
O-O axb5 16. Nxb5 Rxa2 17. Bd2 Rxa1 18. Rxa1 O-O 19. Bxb4 cxb4 20. Ra7 Nd5 21.
Nc7 Bc5 22. Rb7 Rd8 23. Nxd5 Rxd5 24. d4 Bf8 25. Ne5 Rxd4 26. Nxf7 Rd5 27. f4 h6
28. Ne5 Bd6 29. Kf1 Rd1+ 30. Ke2 Rb1 31. Nc4 Bc5 32. Rb5 Bg1 33. Rxb4 Bxh2 34.
Kf2 Rc1 35. Nd2 Bg1+ 36. Kg2 Be3 37. Ne4 Re1 38. Kf3 Ba7 39. Ra4 Re3+ 40. Kg2
Bb6 41. Rb4 Ba7 42. Ra4 Bb6 1/2-1/2

[Event "13th EICC"]
[Site "Plovdiv BUL"]
[Date "2012.03.20"]
[Round "1.44"]
[White "Sokolov, Ivan"]
[Black "Ivanov, Alexey3"]
[Result "1-0"]
[WhiteTitle "GM"]
[BlackTitle "IM"]
[WhiteElo "2653"]
[BlackElo "2424"]
[WhiteFideId "14400030"]
[BlackFideId "4167635"]
[EventDate "2012.03.20"]
[EventType "swiss"]

1. d4 Nf6 2. c4 e6 3. Nc3 d5 4. cxd5 exd5 5. Bg5 Be7 6. e3 c6 7. Qc2 O-O 8. Bd3
Nbd7 9. Nf3 Re8 10. h3 Nf8 11. O-O Be6 12. Rab1 Nh5 13. Bxe7 Qxe7 14. b4 a6 15.
Na4 Ng6 16. Nc5 Qf6 17. Nh2 b6 18. Nxe6 Rxe6 19. Be2 Qg5 20. f4 Nhxf4 21. exf4
Nxf4 22. Bg4 Re2 23. Qc1 Re4 24. Qxc6 Rae8 25. Kh1 h5 26. Nf3 Qe7 27. Bf5 Re2
28. Rbe1 g6 29. Qc1 Nxg2 30. Rxe2 Qxe2 31. Ng1 Qxa2 32. Bb1 1-0

[Event "13th EICC"]
[Site "Plovdiv BUL"]
[Date "2012.03.20"]
[Round "1.45"]
[White "Ledger, Andrew J"]
[Black "Rodshtein, Maxim"]
[Result "0-1"]
[WhiteTitle "IM"]
[BlackTitle "GM"]
[WhiteElo "2424"]
[BlackElo "2652"]
[WhiteFideId "400610"]
[BlackFideId "2806851"]
[EventDate "2012.03.20"]
[EventType "swiss"]

1. c4 g6 2. Nc3 c5 3. g3 Bg7 4. Bg2 Nc6 5. Nf3 d6 6. O-O e6 7. a3 Nge7 8. Rb1
O-O 9. b4 b6 10. e3 Bb7 11. Ne2 e5 12. d3 h6 13. Bd2 f5 14. Bc3 Qd7 15. b5 Nd8
16. d4 Qc7 17. dxe5 dxe5 18. Qb3 Nf7 19. Rbd1 g5 20. h3 e4 21. Nd2 Ne5 22. g4
fxg4 23. Bxe5 Qxe5 24. hxg4 Qe6 25. Qc2 Qxg4 26. Nxe4 Nf5 27. N4g3 Bxg2 28. Kxg2
Rae8 29. Kh2 Nh4 30. Ng1 Be5 31. Qe2 Rf3 32. Nxf3 Nxf3+ 33. Kg2 Nh4+ 34. Kg1 Qh3 0-1

[Event "13th EICC"]
[Site "Plovdiv BUL"]
[Date "2012.03.20"]
[Round "1.52"]
[White "Ivanisevic, Ivan"]
[Black "Neubauer, Martin"]
[Result "1-0"]
[WhiteTitle "GM"]
[BlackTitle "IM"]
[WhiteElo "2645"]
[BlackElo "2413"]
[WhiteFideId "912417"]
[BlackFideId "1602675"]
[EventDate "2012.03.20"]
[EventType "swiss"]

1. d4 Nf6 2. c4 g6 3. h4 c5 4. dxc5 Na6 5. Nc3 Bg7 6. Be3 Ng4 7. Bd2 Nxc5 8. Nh3
d6 9. e3 Nf6 10. Nf4 Nfe4 11. Rc1 O-O 12. Be2 Bf5 13. h5 g5 14. Nfd5 h6 15. b4
Nxd2 16. Qxd2 Nd7 17. Nb5 Nb6 18. O-O Nxd5 19. Qxd5 Qd7 20. Nd4 e6 21. Qb5 Qxb5
22. cxb5 Bxd4 23. exd4 Rac8 24. f3 e5 25. dxe5 dxe5 26. Rc5 Be6 27. a4 f6 28.
Rfc1 Rcd8 29. Bc4 Bxc4 30. R1xc4 Rf7 31. Rc8 Rxc8 32. Rxc8+ Kg7 33. Kf2 b6 34.
Ke3 f5 35. Rc6 Rd7 36. Rg6+ Kh7 37. Rf6 Rd4 38. Rxf5 Rxb4 39. Rf7+ Kg8 40. Rxa7
g4 41. Ra6 gxf3 42. gxf3 Kh7 43. Rxb6 Rxa4 44. Rb7+ Kg8 45. Re7 Rb4 46. Rxe5 Kf7
47. f4 Kf6 48. Rc5 Ke6 49. Kf3 Rb1 50. Ke4 Rb4+ 51. Ke3 Kf6 52. Rc6+ Kf5 53. b6
Rb3+ 54. Kd4 Kxf4 55. Rxh6 Kg5 56. Rd6 Kxh5 57. Kd5 1-0

[Event "13th EICC"]
[Site "Plovdiv BUL"]
[Date "2012.03.20"]
[Round "1.54"]
[White "Iordachescu, Viorel"]
[Black "Baratosi, Daniel"]
[Result "1/2-1/2"]
[WhiteTitle "GM"]
[BlackTitle "IM"]
[WhiteElo "2644"]
[BlackElo "2407"]
[WhiteFideId "13900200"]
[BlackFideId "1210351"]
[EventDate "2012.03.20"]
[EventType "swiss"]

1. d4 Nf6 2. c4 e6 3. Nf3 d5 4. Nc3 Be7 5. Bg5 O-O 6. e3 h6 7. Bh4 Ne4 8. Bxe7
Qxe7 9. Rc1 c6 10. Qc2 Nd7 11. a3 Nxc3 12. Qxc3 dxc4 13. Qxc4 e5 14. Qb4 Qxb4+
15. axb4 exd4 16. Nxd4 Nf6 17. Be2 a6 18. Nb3 Re8 19. O-O Re4 20. Nd4 Bd7 21.
Rfd1 Rd8 22. Nc2 Ree8 23. f3 Be6 24. Rxd8 Rxd8 25. Kf2 Kf8 26. e4 Bb3 27. Ke3
Bxc2 28. Rxc2 Re8 29. Kd4 Ke7 30. h4 Rd8+ 31. Ke3 Ne8 32. f4 Nc7 33. Rd2 Rxd2
34. Kxd2 f6 35. Ke3 Kd6 36. Bf3 b5 37. h5 c5 38. bxc5+ Kxc5 39. e5 fxe5 40. fxe5
a5 41. Ke4 a4 42. Bd1 Nd5 43. Bc2 Nb6 44. Kf5 Nc4 45. Kg6 Nxb2 46. Kxg7 b4 47.
e6 a3 48. e7 a2 49. e8=Q a1=Q 50. Qe3+ Kd5 51. Kxh6 Na4 52. Qe4+ Kc5 53. Qe7+
Kd5 1/2-1/2

[Event "13th EICC"]
[Site "Plovdiv BUL"]
[Date "2012.03.20"]
[Round "1.56"]
[White "Petrosian, Tigran L."]
[Black "Firat, Burak"]
[Result "1/2-1/2"]
[WhiteTitle "GM"]
[BlackTitle "IM"]
[WhiteElo "2643"]
[BlackElo "2405"]
[WhiteFideId "13301616"]
[BlackFideId "6305881"]
[EventDate "2012.03.20"]
[EventType "swiss"]

1. Nf3 Nf6 2. g3 d5 3. Bg2 c6 4. c4 Bg4 5. cxd5 cxd5 6. Ne5 Bc8 7. Nc3 e6 8. d4
Be7 9. O-O O-O 10. Bf4 Nfd7 11. Nd3 a6 12. e4 dxe4 13. Nxe4 Nb6 14. Ne5 Nd5 15.
Bd2 Qb6 16. Nc3 Qxd4 17. Nxd5 exd5 18. Bc3 Qxd1 19. Rfxd1 Be6 20. Bxd5 Bxd5 21.
Rxd5 f6 22. Nc4 Nc6 23. Rd7 b5 24. Nb6 Ra7 25. Rxa7 Nxa7 26. Nd5 Bc5 27. b4 Bd6
28. a4 Rd8 29. axb5 Nxb5 30. Bb2 Bf8 31. Ne3 Bxb4 32. Rxa6 Bc5 33. Nc4 Nd6 34.
Nxd6 Rxd6 35. Rxd6 Bxd6 36. g4 Kf7 37. Kg2 Ke6 38. h3 g6 39. Kf3 f5 40. Bc1 Bc7 1/2-1/2

[Event "13th EICC"]
[Site "Plovdiv BUL"]
[Date "2012.03.20"]
[Round "1.59"]
[White "Pacher, Milan"]
[Black "Nyback, Tomi"]
[Result "0-1"]
[WhiteTitle "IM"]
[BlackTitle "GM"]
[WhiteElo "2402"]
[BlackElo "2636"]
[WhiteFideId "14907445"]
[BlackFideId "503142"]
[EventDate "2012.03.20"]
[EventType "swiss"]

1. e4 e5 2. Nf3 Nc6 3. Bb5 a6 4. Ba4 Nf6 5. O-O Be7 6. Bxc6 dxc6 7. d3 Nd7 8.
Nbd2 f6 9. Nh4 g6 10. Nc4 Nc5 11. f4 exf4 12. Bxf4 Be6 13. Nf3 Bxc4 14. dxc4
Qxd1 15. Raxd1 Nxe4 16. Rfe1 f5 17. Bxc7 Bc5+ 18. Kf1 O-O 19. a3 Rac8 20. Ba5 b5
21. Bb4 Bxb4 22. axb4 bxc4 23. Ne5 c3 24. bxc3 Nxc3 25. Rd6 Nb5 26. Rxc6 Nd4 27.
Rxa6 Nxc2 28. Rb1 Ne3+ 29. Kg1 Rc2 30. b5 Rfc8 31. Rc6 Rxg2+ 32. Kh1 Ra8 33. Nc4
Raa2 34. Nxe3 Rxh2+ 35. Kg1 f4 36. b6 fxe3 37. b7 Rag2+ 0-1